000
00263nam a2200097Ia 4500
001
850101
005
20250826174431.0
008
250824s9999 xx 000 0 und d
245
0
_a
YARIM KALAN,HİKAYELER,AŞKLAR,HAYATLAR
_c
ERTÜRK AKŞUN
260
_b
DESTEK YAYINLARI
999
_c
850101
_d
850101